Anales de los cakchiqueles
Сохранить в:
| Главные авторы: | , |
|---|---|
| Формат: | |
| Язык: | испанский |
| Опубликовано: |
La Habana
Casa de las Américas
1967
|
| Серии: | Literatura Latinoamericana
|
| Предметы: | |
| Метки: |
Добавить метку
Нет меток, Требуется 1-ая метка записи!
|
MARC
| LEADER | 00000nam a2200000 a 4500 | ||
|---|---|---|---|
| 001 | UCP7541 | ||
| 003 | CL-VaPUC | ||
| 008 | 991217e19670000CU |||||||||||||||||spa|d | ||
| 082 | 0 | 4 | |a 972.81 |b HER |2 21 |
| 100 | 0 | |a Hernández Arana, Francisco |e author |9 436973 | |
| 700 | 0 | |a Díaz, Francisco |e author |9 432300 | |
| 245 | 1 | 0 | |a Anales de los cakchiqueles |
| 300 | |a 138 P | ||
| 942 | |c BK | ||
| 945 | |d 19991217 00:00:00 |a rherrera | ||
| 260 | |a La Habana |b Casa de las Américas |c 1967 | ||
| 650 | 0 | |a Pueblos indígenas |9 357564 | |
| 650 | 0 | |a Historia |9 255047 | |
| 650 | 7 | |a COSTUMBRES |2 CL-VaPUC |9 337506 | |
| 650 | 7 | |a CAKCHILQUELES |2 CL-VaPUC |9 436974 | |
| 651 | 0 | |a Guatemala |9 258335 | |
| 583 | |a last modification |c 19991217 00:00:00 |k Rodrigo Vera | ||
| 490 | 0 | |a Literatura Latinoamericana | |
| 999 | |c 284664 |d 284662 | ||
| 952 | |0 0 |1 0 |4 0 |6 972_810000000000000_HER_1967 |7 0 |8 A |9 328835 |a BIBHIS |b BIBHIS |d 2019-11-20 |i 1378872 |o 972.81 HER 1967 |p 1378872 |r 2025-01-20 |w 2019-11-20 |y BK |k HIS | ||